World Map Without 60 Random Countries - Statistics

General Stats
  • This quiz has been taken 602 times
  • The average score is 56 of 60
Answers on the Map
Answers color-coded by a green-red scale on the quiz's map according to % correct below.
 
Answer Stats
Country % Correct
Algeria
100%
Argentina
100%
Bolivia
100%
Brazil
100%
Canada
100%
China
100%
Colombia
100%
DR Congo
100%
Egypt
100%
Finland
100%
France
100%
Germany
100%
India
100%
Iran
100%
Italy
100%
Kazakhstan
100%
Libya
100%
Mexico
100%
Mongolia
100%
Niger
100%
Norway
100%
Panama
100%
Peru
100%
Russia
100%
South Africa
100%
South Sudan
100%
Sudan
100%
Sweden
100%
Thailand
100%
Venezuela
100%
Angola
99%
Australia
99%
Ecuador
99%
Indonesia
99%
Iraq
99%
Morocco
99%
Nepal
99%
North Korea
99%
Romania
99%
Spain
99%
Ukraine
99%
United States
99%
Austria
98%
Belarus
98%
Ethiopia
98%
Pakistan
98%
Sierra Leone
98%
Turkey
98%
United Kingdom
98%
Afghanistan
97%
Bosnia and Herzegovina
97%
Botswana
97%
Cameroon
97%
Central African Republic
97%
Costa Rica
97%
Czech Republic
97%
Ghana
97%
Greece
97%
Guatemala
97%
Honduras
97%
Hungary
97%
Kyrgyzstan
97%
Lithuania
97%
Mali
97%
Mauritania
97%
Namibia
97%
Nicaragua
97%
Poland
97%
Saudi Arabia
97%
Switzerland
97%
Togo
97%
Turkmenistan
97%
Vietnam
97%
Yemen
97%
Bulgaria
96%
Burkina Faso
96%
Chad
96%
Haiti
96%
Japan
96%
Myanmar
96%
New Zealand
96%
Paraguay
96%
Uruguay
96%
Uzbekistan
96%
Bangladesh
95%
Chile
95%
Guyana
95%
Mozambique
95%
Slovakia
95%
Tanzania
95%
Benin
94%
Laos
94%
Moldova
94%
Nigeria
94%
North Macedonia
94%
Oman
94%
Papua New Guinea
94%
Philippines
94%
Portugal
94%
Rwanda
94%
Senegal
94%
South Korea
94%
Syria
94%
Belgium
93%
Cuba
93%
Kenya
93%
Lesotho
93%
Liberia
93%
Netherlands
93%
Somalia
93%
Croatia
92%
Kosovo
92%
Republic of the Congo
92%
Serbia
92%
Tajikistan
92%
Uganda
92%
Zambia
92%
Armenia
91%
Azerbaijan
91%
Bahamas
91%
Denmark
91%
Eritrea
91%
Eswatini
91%
Palau
91%
Solomon Islands
91%
Taiwan
91%
Dominican Republic
90%
Gabon
90%
Georgia
90%
Latvia
90%
Malaysia
90%
Slovenia
90%
Albania
89%
Cambodia
89%
Comoros
89%
Equatorial Guinea
89%
FS Micronesia
89%
Guinea
89%
Ivory Coast
89%
Jamaica
89%
Nauru
89%
Tonga
89%
Tunisia
89%
Zimbabwe
89%
Estonia
88%
Israel
88%
Jordan
88%
Madagascar
88%
Maldives
88%
Sri Lanka
88%
Kiribati
87%
Malawi
87%
Seychelles
87%
Suriname
87%
Burundi
86%
El Salvador
86%
Guinea-Bissau
86%
Malta
86%
Fiji
85%
Ireland
85%
Tuvalu
84%
Belize
83%
Marshall Islands
83%
Samoa
83%
Sao Tome and Principe
83%
Vanuatu
83%
Cape Verde
82%
Mauritius
82%
United Arab Emirates
82%
Iceland
80%
Kuwait
76%
No matching quizzes found
Score Distribution
Percent of People with Each Score
Percentile by Number Answered
Your Score History
You have not taken this quiz